| Tag |
First Indicator |
Second Indicator |
Subfields |
| LEADER |
00000cam a22000001a 4500 |
| 001 |
in00003277521 |
| 006 |
m d f |
| 007 |
cr bn mmmapmmp |
| 008 |
110909s2008 dcu o f000 0 eng d |
| 005 |
20260504145952.5 |
| 035 |
|
|
|a chdc200900813
|
| 040 |
|
|
|a ProQuest
|c ProQuest
|d UtOrBLW
|
| 043 |
|
|
|a n-us---
|
| 074 |
|
|
|a 1027-A
|
| 074 |
|
|
|a 1027-B (MF)
|
| 088 |
|
|
|a Serial no. 110-50 (United States. Congress. House. Committee on Veterans' Affairs)
|
| 099 |
|
|
|a HRG-2007-VAH-0066
|
| 110 |
1 |
|
|a United States.
|b Congress.
|b House.
|b Committee on Veterans' Affairs.
|b Subcommittee on Health.
|
| 245 |
1 |
0 |
|a U.S. Department of Veterans Affairs research programs :
|b hearing before the Subcommittee on Health of the Committee on Veterans' Affairs, U.S. House of Representatives, One Hundred Tenth Congress, first session, October 4, 2007.
|
| 264 |
|
1 |
|a Washington :
|b U.S. G.P.O. :
|c 2008.
|
| 264 |
|
2 |
|a Washington :
|b For sale by the Supt. of Docs., U.S. G.P.O.,
|
| 300 |
|
|
|a 1 online resource.
|
| 336 |
|
|
|a text
|b txt
|2 rdacontent
|
| 337 |
|
|
|a computer
|b c
|2 rdamedia
|
| 338 |
|
|
|a online resource
|b cr
|2 rdacarrier
|
| 500 |
|
|
|a Distributed to some depository libraries in microfiche.
|
| 500 |
|
|
|a Shipping list number: 2009-0016-P.
|
| 500 |
|
|
|a "Serial number 110-50."
|
| 500 |
|
|
|a Reuse of record except for individual research requires license from ProQuest, LLC.
|
| 500 |
|
|
|a Electronic resource.
|
| 538 |
|
|
|a System requirements: PDF reader software.
|
| 610 |
1 |
0 |
|a United States.
|b Department of Veterans Affairs
|v Rules and practice.
|
| 650 |
|
0 |
|a Veterans
|x Medical care
|x Research
|z United States.
|
| 650 |
|
0 |
|a Women veterans
|x Medical care
|x Research
|z United States.
|
| 650 |
|
0 |
|a Veterans
|x Services for
|z United States.
|
| 655 |
|
7 |
|a Electronic books.
|2 local
|
| 710 |
2 |
|
|a ProQuest (Firm)
|
| 776 |
0 |
8 |
|i Print version:
|a United States.Congress.House.Committee on Veterans' Affairs.Subcommittee on Health.
|t U.S. Department of Veterans Affairs research programs
|w (DLC)2008397575
|w (OCoLC)238012137
|z 9780160813504
|z 0160813506
|
| 776 |
0 |
8 |
|i Microfiche version:
|a United States.Congress.House.Committee on Veterans' Affairs.Subcommittee on Health.
|t U.S. Department of Veterans Affairs research programs
|d [Bethesda, Md.] : ProQuest LLC, [2004]
|o CIS 2009 H761-12
|w (ProQuest)cis00901459
|
| 830 |
|
0 |
|a U.S. Congressional Hearings.
|
| 856 |
4 |
0 |
|u http://proxy.library.tamu.edu/login?url=https://congressional.proquest.com/congcomp/getdoc?HEARING-ID=HRG-2007-VAH-0066
|z Connect to the full text of this electronic book
|t 0
|
| 998 |
|
|
|a cis00901459
|
| 999 |
|
|
|a MARS
|
| 999 |
f |
f |
|s 00334d08-9948-3689-91b2-38e9bb0a7dcb
|i 175bfacc-a8ec-3a04-89e1-634c9fa8abf4
|t 0
|
| 952 |
f |
f |
|a Texas A&M University
|b College Station
|c Electronic Resources
|s www_evans
|d Available Online
|t 0
|e HRG-2007-VAH-0066
|h Other scheme
|
| 998 |
f |
f |
|a HRG-2007-VAH-0066
|t 0
|l Available Online
|